Zawodnicy z występami w Lechu Poznań w sezonie 23/24 - Statystyki

Ogólne statystyki
  • Ten quiz został rozwiązany 34 razy
    4 od ostatniego zresetowania
  • Średni wynik to 14 z 33
Statystyki odpowiedzi
Miejsce Zawodnik Liczba występów % Poprawnych
23. Filip Bednarek 9
100%
11. Mikael Ishak 28
100%
Adriel Ba Loua
50%
15. Afonso Sousa 23
50%
Alan Czerwiński
50%
20. Ali Gholizadeh 12
50%
7. Antonio Milić 32
50%
17. Barry Douglas 20
50%
Bartosz Mrozek
50%
18. Bartosz Salamon 16
50%
12. Elias Andersson 27
50%
24. Filip Dagerstål 8
50%
6. Filip Marchwiński 35
50%
Filip Szymczak
50%
Filip Wilak
50%
3. Jesper Karlström 36
50%
1. Joel Pereira 39
50%
Kornel Lisman
50%
Kristoffer Velde
50%
25. Maksymilian Dziuba 5
50%
26. Maksymilian Pingot 4
50%
21. Michał Gurgul 11
50%
9. Miha Blažič 30
50%
14. Nika Kwekweskiri 26
50%
Radosław Murawski
50%
Wojciech Mońka
50%
Aleksander Nadolski
0%
19. Artur Sobiech 15
0%
Bartosz Tomaszewski
0%
16. Dino Hotić 22
0%
28. João Amaral 0
0%
Mateusz Pruchniewski
0%
27. Norbert Pacławski 1
0%
Nie znaleziono quizów pasujących do podanych kryteriów
Rozkład punktacji
Procent ludzi z każdym wynikiem
Percentyl według liczby udzielonych odpowiedzi
Twoja historia wyników
Nie rozwiązałeś tego quizu od ostatniego zresetowania